| 000 | 01090nac a22002411u 4500 | ||
|---|---|---|---|
| 010 | _a 90020417 | ||
| 020 | _a0521394856 | ||
| 082 | 0 | 0 |
_a305.89650624 _bH761 |
| 090 |
_c3897 _d3897 |
||
| 100 | _aHolyÌ?, Ladislav. | ||
| 245 | 1 | 0 |
_aReligion and custom in a Muslim society : _bthe Berti of Sudan / _cLadislav Holy. |
| 260 |
_aCambridge [England] ; _aNew York : _bCambridge University Press,1991 _c1991. |
||
| 300 |
_ax, 243 p. : _bill., map ; _c24 cm. |
||
| 440 | 0 |
_aCambridge studies in social and cultural anthropology ; _v78 |
|
| 504 | _aIncludes bibliographical references (p. [226]-233) and index. | ||
| 650 | 0 | _aBerti (African people) | |
| 650 | 0 |
_aMuslims _zSudan. |
|
| 651 | 0 |
_aSudan _xSocial life and customs. |
|
| 856 | 4 | 2 |
_3Publisher description _uhttp://www.loc.gov/catdir/description/cam024/90020417.html |
| 856 | 4 | 2 |
_3Table of contents _uhttp://www.loc.gov/catdir/toc/cam028/90020417.html |
| 942 |
_cBB _k305.89650624H761 |
||
| 999 |
_c3897 _d3897 |
||